000 00649nam a2200217 a 4500
001 BRCA_637
005 20190320203105.0
008 850312s1989 po-a---##c---#000-0#por-#
040 _aDLC
_cDLC
_dDLC
041 _apor
044 _apo
050 4 _aN3231.M8
_b.M87 1989
245 1 0 _aMuseu Calouste Gulbenkian
_bcatálogo.
250 _a2
260 _aLisboa
_bFundacao Calouste Gulbenkian
_c1989
300 _a399 p.
_bil. (algunas a color)
_c24 cm.
500 _aIncluye índice temático e índice onomástico
610 2 4 _aMuseu Calouste Gulbenkian (Lisboa)
_vCatálogos
_92138
650 1 4 _aArte
_vCatálogos
_zPortugal
_92139
942 _2lcc
_cB
999 _c554
_d554